000 00618nam a2200241Ia 4500
003 OSt
005 20230413164321.0
008 210423s2011 xx 000 0 und d
020 _a9789350242957
040 _cAL
041 _aeng
082 _a332 GORE
_223
100 _aGORDON (E);NATARAJAN (K)
_988533
245 _aFinancial markets and services
250 _a6
260 _aMumbai
_bHimalaya Publishing House
_c2011
300 _a483
_bPB
365 _b210
_cINR
650 _aEconomics
_988534
650 _aFinancial Economics
_988535
906 _aFinancial ; markets ; services
942 _2ddc
_cBK
999 _c159227
_d159227